Giáo trình công nghệ CNC
Trình bày những kiến thức cơ bản về điều khiển số, đặc biệt là phương pháp lập trình để gia công chi tiết trên một số loại máy công cụ điều khiển số như: máy tiện, máy khoan, máy doa, máy phay, và các trung tâm gia công...
Saved in:
| Main Author: | |
|---|---|
| Format: | Book |
| Language: | Undetermined |
| Published: |
Hà Nội
Giáo dục Việt Nam
2012
|
| Subjects: | |
| Tags: |
Add Tag
No Tags, Be the first to tag this record!
|
| Institutions: | Trung tâm Học liệu Trường Đại học Cần Thơ |
|---|
| LEADER | 01063nam a2200217Ia 4500 | ||
|---|---|---|---|
| 001 | CTU_142048 | ||
| 008 | 210402s9999 xx 000 0 und d | ||
| 020 | |c 52000 | ||
| 082 | |a 621.9023 | ||
| 082 | |b Đ302 | ||
| 100 | |a Trần, Văn Địch | ||
| 245 | 0 | |a Giáo trình công nghệ CNC | |
| 245 | 0 | |c Trần Văn Địch | |
| 260 | |a Hà Nội | ||
| 260 | |b Giáo dục Việt Nam | ||
| 260 | |c 2012 | ||
| 520 | |a Trình bày những kiến thức cơ bản về điều khiển số, đặc biệt là phương pháp lập trình để gia công chi tiết trên một số loại máy công cụ điều khiển số như: máy tiện, máy khoan, máy doa, máy phay, và các trung tâm gia công | ||
| 650 | |a Computer integrated manufacturing systems,Machine-tools,Hệ thống máy tính tích hợp,Máy công cụ | ||
| 650 | |x Numerical control,Điều khiển bằng số | ||
| 904 | |i Hải | ||
| 980 | |a Trung tâm Học liệu Trường Đại học Cần Thơ | ||